| 000 | 005150000a22001810004500 | ||
|---|---|---|---|
| 020 | _a84-481-4016-8 | ||
| 041 | 0 | _aSPA | |
| 082 | 0 | 4 | _aG 371.9 A2837i |
| 245 | 1 | 0 | _aIntroducción a las dificultades del aprendizaje / Antonio Aguilera Jiménez, Coordinador |
| 260 | _aMadrid, España : McGraw-Hill | ||
| 300 | _a338 Pag | ||
| 650 | 1 | 4 | _aDIFICULTADES DE APRENDIZAJE |
| 001 | 7721 | ||
| 942 | _cBK | ||
| 999 |
_c37926 _d37926 |
||
| 336 |
_atexto _btxt _2rdacontent |
||
| 337 |
_2rdamedia _asin mediación _bn |
||
| 338 |
_2rdacarrier _avolumen _bnc |
||